000 00260 a2200109 4500
001 59353
082 _a532 KHU
090 _c36379
_d36379
100 _aKhurmi R. S.
245 _aA text book of engineering dynamics
260 _aIndia
_bS. Chand & Company
_c2004
942 _aNUST-CAE
_k532 KHU
999 _c294426
_d294426